| 000 | 02101nam0a2200421 4500 | ||
|---|---|---|---|
| 001 | RU\NLR\bibl\265079 | ||
| 005 | 20250620131146.0 | ||
| 021 |
_aRU _b2001-63226 _93080 |
||
| 035 | _a(NLR Aleph) 000260676 | ||
| 090 |
_a1522659 _c1522659 |
||
| 100 | _a20020426d2001 |||y0rusy50 ca | ||
| 101 | 0 | _arus | |
| 102 | _aRU | ||
| 105 | _aa ||||||||| | ||
| 200 | 1 |
_aРефлексотерапия в тибетской медицине: традиционные и современные аспекты _fТарнуев В. А., Намсараева Г. Т. _gДальневост. науч. Центр физиологии и патологии дыхания СО РАМН и др. |
|
| 210 |
_aУлан-Удэ _cРесп. тип. _d2001 |
||
| 215 |
_a231 с., [8] л. цв. ил. _cил. _d30 |
||
| 225 | 1 |
_aБиблиотека тибетской медицины _eБТМ _fНауч. ред.: С.М. Николаев |
|
| 300 | _aВ надзаг. также: Бурят. фил. Иркут. ин-та усоверш. врачей, Бурят. гос. ун-т. Мед. фак., Респ. клин. госпиталь для ветеранов войн МЗ РБ | ||
| 320 | _aБиблиогр.: с. 222-229 | ||
| 606 | 0 |
_aРефлексотерапия в тибетской медицине _92248393 _3RU\NLR\auth\661348785 |
|
| 606 | 0 |
_aРефлексотерапия _xПрименение в тибетской медицине _92248384 _3RU\NLR\auth\661348781 |
|
| 610 | 0 | _aРефлекторная терапия | |
| 610 | 0 | _aМедицина народная тибетская | |
| 610 | 0 | _aТибет, медицина | |
| 675 |
_a615.821(515) _v3 _zrus |
||
| 686 |
_a76.29 _2rugasnti |
||
| 686 |
_a53.59 _2rubbk |
||
| 686 | _aР359.15 | ||
| 700 | 1 |
_aТарнуев _bВ. А. _gВладимир Абогоевич _4070 |
|
| 701 | 1 |
_aНамсараева _bГ. Т. _gГалина Тумутовна _4070 |
|
| 801 | 0 |
_aRU _bRKP _c20020426 _gPSBO |
|
| 801 | 1 |
_aRU _bRKP _c20020426 |
|
| 801 | 2 |
_aRU _bNLR _c20020626 _grcr |
|
| 942 | _cBOOK | ||
| 980 | _aNB | ||
| 980 | _aNBR | ||